000 00857cam a22002893a 4500
001 5735
003 PGUSA
005 20140828083124.0
008 040501s2004||||xxu|||||s|||||000 1 eng d
040 _aPGUSA
_beng
042 _adc
050 4 _aPS
100 1 _aKyne, Peter B.
_q(Peter Bernard),
_d1880-1957
245 1 4 _aThe Valley of the Giants
_h[electronic resource] /
_cPeter B. Kyne
260 _bProject Gutenberg,
_c2004
506 _aPublic domain in the USA.
516 _aElectronic text
653 _aCalifornia -- Fiction
653 _aWestern stories
653 _aFathers and sons -- Fiction
653 _aHumboldt County (Calif.) -- Fiction
653 _aRedwood industry -- Fiction
653 _aLumber trade -- Fiction
830 0 _aProject Gutenberg
_v5735
856 4 0 _uhttp://www.gutenberg.org/ebooks/5735
942 _cEB
999 _c235063
_d235063